<?xml version="1.0" encoding="UTF-8"?>
<record
    xmlns:xsi="http://www.w3.org/2001/XMLSchema-instance"
    xsi:schemaLocation="http://www.loc.gov/MARC21/slim http://www.loc.gov/standards/marcxml/schema/MARC21slim.xsd"
    xmlns="http://www.loc.gov/MARC21/slim">

  <leader>00628nam a22001937a 4500</leader>
  <datafield tag="999" ind1=" " ind2=" ">
    <subfield code="c">168546</subfield>
    <subfield code="d">168546</subfield>
  </datafield>
  <controlfield tag="005">20191014170609.0</controlfield>
  <datafield tag="010" ind1=" " ind2=" ">
    <subfield code="a">UR-10536</subfield>
  </datafield>
  <datafield tag="020" ind1=" " ind2=" ">
    <subfield code="c">1200.00</subfield>
    <subfield code="a">-</subfield>
  </datafield>
  <datafield tag="035" ind1=" " ind2=" ">
    <subfield code="a">U-9091</subfield>
  </datafield>
  <datafield tag="037" ind1=" " ind2=" ">
    <subfield code="b">DBAD/PUB</subfield>
    <subfield code="a">-</subfield>
  </datafield>
  <datafield tag="082" ind1=" " ind2=" ">
    <subfield code="a">920</subfield>
  </datafield>
  <datafield tag="100" ind1=" " ind2=" ">
    <subfield code="a">&#x645;&#x62D;&#x645;&#x62F; &#x639;&#x644;&#x6CC; &#x6A9;&#x634;&#x645;&#x64A;&#x631; &#x6CC; </subfield>
  </datafield>
  <datafield tag="245" ind1=" " ind2=" ">
    <subfield code="a">&#x62A;&#x62D;&#x641;&#x6C1; &#x627; &#x644;&#x627; &#x62D;&#x628;&#x627; &#x628;  </subfield>
    <subfield code="c">&#x645;&#x62D;&#x645;&#x62F; &#x639;&#x644;&#x6CC; &#x6A9;&#x634;&#x645;&#x64A;&#x631; &#x6CC; </subfield>
  </datafield>
  <datafield tag="246" ind1=" " ind2=" ">
    <subfield code="b">Tohfa Ala habab (Urdu)</subfield>
    <subfield code="a">by Mohd. Ali Kashmiri  </subfield>
  </datafield>
  <datafield tag="260" ind1=" " ind2=" ">
    <subfield code="a">Kashmir</subfield>
    <subfield code="b">Jaan Publications </subfield>
    <subfield code="c">2016 &#x621;</subfield>
  </datafield>
  <datafield tag="270" ind1=" " ind2=" ">
    <subfield code="a">Manzil Janan,Pandar,YathanSri Nagar</subfield>
    <subfield code="b">Kashmir </subfield>
    <subfield code="e">-</subfield>
    <subfield code="k">09643718691</subfield>
    <subfield code="l">-</subfield>
  </datafield>
  <datafield tag="300" ind1=" " ind2=" ">
    <subfield code="a">912 &#x635; </subfield>
    <subfield code="c">22 Cm(Hb)</subfield>
  </datafield>
  <datafield tag="942" ind1=" " ind2=" ">
    <subfield code="2">ddc</subfield>
    <subfield code="c">UR</subfield>
    <subfield code="h">920</subfield>
    <subfield code="m">&#x645; &#x62D; &#x645;  </subfield>
  </datafield>
  <datafield tag="952" ind1=" " ind2=" ">
    <subfield code="0">0</subfield>
    <subfield code="1">0</subfield>
    <subfield code="4">0</subfield>
    <subfield code="7">1</subfield>
    <subfield code="8">NFIC</subfield>
    <subfield code="a">DBAD</subfield>
    <subfield code="b">DBAD</subfield>
    <subfield code="d">2019-10-14</subfield>
    <subfield code="e">DBAD/PUB</subfield>
    <subfield code="g">1200.00</subfield>
    <subfield code="l">0</subfield>
    <subfield code="o">920 &#x645; &#x62D; &#x645;</subfield>
    <subfield code="p">U-9091</subfield>
    <subfield code="r">2019-10-14 00:00:00</subfield>
    <subfield code="t">1</subfield>
    <subfield code="v">1200.00</subfield>
    <subfield code="w">2019-10-14</subfield>
    <subfield code="y">UR</subfield>
  </datafield>
</record>
